|
|
|
|
| LEADER |
00000nam0a2200000 4500 |
| 001 |
261097 |
| 005 |
20231101233532.0 |
| 010 |
|
|
|a 5229001682
|
| 035 |
|
|
|a (RuTPU)RU\TPU\book\284070
|
| 090 |
|
|
|a 261097
|
| 100 |
|
|
|a 20140521d1988 k y0rusy50 ca
|
| 101 |
0 |
|
|a rus
|
| 102 |
|
|
|a RU
|
| 105 |
|
|
|a a z 001zy
|
| 200 |
1 |
|
|a Парамагнитный резонанс в полупроводниках
|f С. И. Рембеза
|
| 210 |
|
|
|a Москва
|c Металлургия
|d 1988
|
| 215 |
|
|
|a 176 с.
|c ил.
|
| 320 |
|
|
|a Библиогр.: с. 168-176.
|
| 606 |
1 |
|
|a Парамагнитный резонанс
|2 stltpush
|3 (RuTPU)RU\TPU\subj\48136
|9 67015
|
| 610 |
1 |
|
|a полупроводники
|
| 610 |
1 |
|
|a ЯМР
|
| 610 |
1 |
|
|a ядерный магнитный резонанс
|
| 610 |
1 |
|
|a переходные элементы
|
| 610 |
1 |
|
|a ионы
|
| 610 |
1 |
|
|a ЭПР
|
| 610 |
1 |
|
|a электронный парамагнитный резонанс
|
| 610 |
1 |
|
|a примеси
|
| 610 |
1 |
|
|a структурные дефекты
|
| 675 |
|
|
|a 537.63
|v 3
|
| 700 |
|
1 |
|a Рембеза
|b С. И.
|g Станислав Иванович
|
| 801 |
|
1 |
|a RU
|b 63413507
|c 20140521
|
| 801 |
|
2 |
|a RU
|b 63413507
|c 20150323
|g RCR
|
| 942 |
|
|
|c BK
|